[Event "USA ch Grupo B"]
[Site "San Diego USA"]
[Date "2006.03.05"]
[Round "3.11"]
[White "Tuvshintugs, Batchimeg"]
[Black "Kreiman, Boris"]
[Result "1-0"]
[WhiteElo "2208"]
[BlackElo "2478"]
[PlyCount "53"]
[EventDate "2006.03.02"]
[EventType "swiss"]
[EventRounds "9"]
[EventCountry "USA"]
[Source "lmi"]
[SourceDate "2006.03.13"]
[WhiteTeamCountry "USA"]
[BlackTeamCountry "USA"]

1. e4 c5 2. Nf3 Nc6 3. d4 cxd4 4. Nxd4 Qb6 5. Nb3 e6 6. Be3 Qc7 7. Nc3 Nf6 8.
Be2 Bb4 9. Qd3 d5 10. exd5 Nxd5 11. Bd2 Nxc3 12. Bxc3 O-O 13. O-O Ne5 14. Bxe5
Qxe5 15. c3 Be7 16. Rad1 Qc7 17. Bf3 a6 18. Qe4 Rb8 19. Rd2 Bd7 20. Rfd1 Rfd8
21. Na5 Bc8 22. Rxd8+ Bxd8 23. Qa4 b5 24. Qf4 e5 25. Qxe5 Be6 26. Rxd8+ Qxd8
27. Nc6 1-0

[Event "USA ch Grupo B"]
[Site "San Diego USA"]
[Date "2006.03.05"]
[Round "3.15"]
[White "Christiansen, Natasha"]
[Black "Sarkar, Justin"]
[Result "0-1"]
[WhiteElo "2003"]
[BlackElo "2323"]
[PlyCount "120"]
[EventDate "2006.03.02"]
[EventType "swiss"]
[EventRounds "9"]
[EventCountry "USA"]
[Source "lmi"]
[SourceDate "2006.03.13"]
[WhiteTeamCountry "USA"]
[BlackTeamCountry "USA"]

1. d4 d6 2. Nf3 g6 3. Bf4 Bg7 4. e3 f5 5. Bc4 e6 6. c3 Qe7 7. h3 e5 8. Bh2 Nh6
9. O-O Nd7 10. dxe5 dxe5 11. Nbd2 Nf7 12. Qc2 O-O 13. Rad1 Nb6 14. Bb3 Be6 15.
Bxe6 Qxe6 16. c4 c5 17. b3 e4 18. Ne1 Rad8 19. Nb1 Rxd1 20. Qxd1 Rd8 21. Qe2
Qd7 22. Nc2 Nc8 23. Nca3 a6 24. Bg3 Ne7 25. Rc1 Nc6 26. Nc2 Qd3 27. Kf1 Bb2 28.
Re1 Nfe5 29. Bh4 Rd7 30. Bf6 Nxc4 31. Bxb2 Nxb2 32. Nba3 Nd1 33. Nb1 Kf7 34. f4
exf3 35. gxf3 Nc3 36. Nxc3 Qxc3 37. Rd1 Rxd1+ 38. Qxd1 Ke6 39. Qe2 b5 40. f4 c4
41. Nd4+ Kd6 42. bxc4 Nxd4 43. exd4 Qxc4 44. Qxc4 bxc4 45. Ke2 Kd5 46. Ke3 h6
47. h4 h5 48. a3 a5 49. a4 c3 50. Kd3 c2 51. Kxc2 Kxd4 52. Kd2 Ke4 53. Kc3 Kxf4
54. Kc4 Kg4 55. Kb5 f4 56. Kxa5 f3 57. Kb6 f2 58. a5 f1=Q 59. a6 Kxh4 60. a7
Qf3 0-1

[Event "USA ch Grupo B"]
[Site "San Diego USA"]
[Date "2006.03.05"]
[Round "3.16"]
[White "Itkis, Hana"]
[Black "West, Vanessa A"]
[Result "1/2-1/2"]
[WhiteElo "2105"]
[BlackElo "2083"]
[PlyCount "90"]
[EventDate "2006.03.02"]
[EventType "swiss"]
[EventRounds "9"]
[EventCountry "USA"]
[Source "lmi"]
[SourceDate "2006.03.13"]
[WhiteTeamCountry "USA"]
[BlackTeamCountry "USA"]

1. c4 Nf6 2. g3 g6 3. Bg2 Bg7 4. Nc3 O-O 5. Nf3 d6 6. O-O e5 7. d3 Nc6 8. Rb1
a5 9. a3 h6 10. b4 axb4 11. axb4 Be6 12. b5 Ne7 13. Bb2 Qd7 14. Re1 c6 15. c5
Ne8 16. cxd6 Nxd6 17. Na4 Qd8 18. bxc6 Nxc6 19. Nc5 Ba2 20. Rc1 Qb6 21. Qd2
Rfd8 22. Qc3 Bd5 23. e4 Ba2 24. Ba1 Nb5 25. Qc2 Nbd4 26. Nxd4 Nxd4 27. Bxd4
Rxd4 28. Ra1 Rc8 29. Rxa2 Qxc5 30. Qe2 Bf8 31. Bh3 Rc7 32. Rb1 b5 33. Ra5 Rb4
34. Rba1 Qd4 35. R5a2 Rb3 36. Bf1 Rbc3 37. Ra8 Kg7 38. Qf3 Be7 39. Rb8 Qd7 40.
Raa8 Rc8 41. Rxc8 Rxc8 42. Rxc8 Qxc8 43. d4 exd4 44. Bxb5 Qc5 45. Bd3 Qe5
1/2-1/2

[Event "USA ch Grupo B"]
[Site "San Diego USA"]
[Date "2006.03.09"]
[Round "7.13"]
[White "Ippolito, Dean"]
[Black "Airapetian, Chouchanik"]
[Result "1-0"]
[WhiteElo "2414"]
[BlackElo "2130"]
[PlyCount "81"]
[EventDate "2006.03.02"]
[EventType "swiss"]
[EventRounds "9"]
[EventCountry "USA"]
[Source "lmi"]
[SourceDate "2006.03.13"]
[WhiteTeam "United States of America"]
[BlackTeam "United States of America"]
[WhiteTeamCountry "USA"]
[BlackTeamCountry "USA"]

1. d4 Nf6 2. c4 g6 3. Nf3 Bg7 4. g3 O-O 5. Bg2 d6 6. Nc3 Nc6 7. O-O a6 8. h3
Rb8 9. e4 b5 10. e5 Nd7 11. e6 fxe6 12. d5 Nce5 13. Nd4 Nb6 14. cxb5 axb5 15.
f4 c5 16. dxc6 Nec4 17. Ncxb5 Na8 18. c7 Nxc7 19. Nc6 Qd7 20. Nxc7 Qxc7 21.
Nxb8 Qxb8 22. Qe2 Qb6+ 23. Kh2 d5 24. Re1 g5 25. Rb1 gxf4 26. Bxf4 Rf5 27. b3
Ne5 28. Bxe5 Bxe5 29. Qg4+ Kh8 30. Rf1 Qd6 31. Rbd1 Rf6 32. Rxf6 exf6 33. Bxd5
f5 34. Qh5 Bxg3+ 35. Kg2 exd5 36. Qe8+ Kg7 37. Qxc8 Qg6 38. Qd7+ Kh6 39. Qxd5
f4 40. Kh1 Bh4 41. Qd6 1-0

[Event "USA ch Grupo B"]
[Site "San Diego USA"]
[Date "2006.03.09"]
[Round "7.14"]
[White "Ginsburg, Mark"]
[Black "West, Vanessa A"]
[Result "1-0"]
[WhiteElo "2367"]
[BlackElo "2083"]
[PlyCount "63"]
[EventDate "2006.03.02"]
[EventType "swiss"]
[EventRounds "9"]
[EventCountry "USA"]
[Source "lmi"]
[SourceDate "2006.03.13"]
[WhiteTeam "United States of America"]
[BlackTeam "United States of America"]
[WhiteTeamCountry "USA"]
[BlackTeamCountry "USA"]

1. d4 Nf6 2. c4 e6 3. Nf3 Bb4+ 4. Nbd2 O-O 5. a3 Bxd2+ 6. Qxd2 d6 7. b4 Nbd7 8.
Bb2 Qe7 9. e3 e5 10. Qc2 exd4 11. Nxd4 Ne5 12. Rd1 Bg4 13. f3 Bh5 14. e4 Rad8
15. Be2 Bg6 16. O-O d5 17. cxd5 Nxd5 18. Qc1 Nc6 19. Rfe1 Nxd4 20. Bxd4 Nb6 21.
Bc5 Qe6 22. Bxf8 Rxf8 23. Qxc7 h5 24. Rd8 Rxd8 25. Qxd8+ Kh7 26. Qd4 h4 27. Bf1
Qb3 28. f4 Qxa3 29. f5 Bh5 30. e5 g6 31. e6 fxe6 32. fxe6 1-0

[Event "USA ch Grupo B"]
[Site "San Diego USA"]
[Date "2006.03.09"]
[Round "7.15"]
[White "Muhammad, Stephen A"]
[Black "Itkis, Hana"]
[Result "1-0"]
[WhiteElo "2377"]
[BlackElo "2105"]
[PlyCount "99"]
[EventDate "2006.03.02"]
[EventType "swiss"]
[EventRounds "9"]
[EventCountry "USA"]
[Source "lmi"]
[SourceDate "2006.03.13"]
[WhiteTeam "United States of America"]
[BlackTeam "United States of America"]
[WhiteTeamCountry "USA"]
[BlackTeamCountry "USA"]

1. d4 Nf6 2. c4 c5 3. d5 b5 4. Nf3 a6 5. a4 bxc4 6. Nc3 d6 7. e4 Nbd7 8. Bxc4
g6 9. O-O Bg7 10. h3 O-O 11. a5 Ne8 12. Nd2 Nc7 13. f4 Nb5 14. Ne2 Qc7 15. Nf3
Bb7 16. Qd3 Rad8 17. Nc3 Nd4 18. Be3 Nxf3+ 19. Rxf3 Rb8 20. Rf2 Rfc8 21. Ra3
Qd8 22. Re2 Qc7 23. Bf2 Bd4 24. Kh1 Be5 25. Bg3 Bd4 26. Bh2 Ra8 27. Rc2 Rf8 28.
Ne2 Bg7 29. Ng1 f6 30. Nf3 Kh8 31. Qe2 Bc8 32. Bd3 Qb7 33. Nd2 Qc7 34. Bg1 Rb8
35. Ra4 Qa7 36. b4 Qb7 37. bxc5 Nxc5 38. Bxc5 dxc5 39. Rxc5 Bd7 40. Ra1 Rfc8
41. Rxc8+ Bxc8 42. Rb1 Qc7 43. Rxb8 Qxb8 44. Bxa6 Bd7 45. Qe3 Bh6 46. Qb6 Bxf4
47. Qxb8+ Bxb8 48. Nc4 Ba4 49. Bb7 Bc2 50. a6 1-0

[Event "USA ch Grupo B"]
[Site "San Diego USA"]
[Date "2006.03.09"]
[Round "7.16"]
[White "Christiansen, Natasha"]
[Black "Liu, Elliott"]
[Result "0-1"]
[WhiteElo "2003"]
[BlackElo "2139"]
[PlyCount "54"]
[EventDate "2006.03.02"]
[EventType "swiss"]
[EventRounds "9"]
[EventCountry "USA"]
[Source "lmi"]
[SourceDate "2006.03.13"]
[WhiteTeam "United States of America"]
[BlackTeam "United States of America"]
[WhiteTeamCountry "USA"]
[BlackTeamCountry "USA"]

1. d4 Nf6 2. Nf3 g6 3. Bf4 Bg7 4. e3 O-O 5. Nbd2 d6 6. h3 Nfd7 7. Bc4 e5 8. Bh2
Nc6 9. c3 Kh8 10. O-O f5 11. b4 e4 12. Ne1 Nf6 13. a4 g5 14. f3 Ne7 15. fxe4
fxe4 16. Be2 Ned5 17. Rxf6 Qxf6 18. Nxe4 Qe7 19. Bf3 Bf5 20. Nf2 Nxc3 21. Qc1
Ne4 22. Ned3 Rae8 23. Nd1 Bxh3 24. Bxe4 Qxe4 25. gxh3 Qxd3 26. Bg3 Qf1+ 27. Kh2
Qe2+ 0-1